| 000 | 01165cam a22003377a 4500 | ||
|---|---|---|---|
| 003 | CHAP | ||
| 005 | 20220329134414.0 | ||
| 008 | 971013s1972 r 00010 d | ||
| 010 | _a20043 | ||
| 011 | _a21015 | ||
| 035 | _a25104 | ||
| 040 | _cCHAP | ||
| 090 | _aFolleto 4504 | ||
| 110 |
_aCentro Nacional de Productividad, A. C. México. Programa Campesino _921248 |
||
| 245 | 0 | _aReglas de seguridad para el manejo del tractor y su implementos | |
| 260 |
_aMéxico : _b(s.e.), _c1972 |
||
| 300 |
_a36 p. _b: ilus. |
||
| 490 | 0 |
_aCNPMPC. Cuaderno _v; 9 |
|
| 590 |
_aBATCH-UPD _b10 _c20130109 _lUCH01 _h2355 |
||
| 590 |
_aBATCH-UPD _b10 _c20130110 _lUCH01 _h0920 |
||
| 590 |
_aBATCH-UPD _b10 _c20130410 _lUCH01 _h0542 |
||
| 590 |
_aBATCH-UPD _b10 _c20130914 _lUCH01 _h0951 |
||
| 590 |
_aCONVERSION _b10 _c20130109 _lUCH01 _h1312 |
||
| 650 | 1 | 4 |
_aMaquinaria agrícola _xMedidas de seguridad. _971183 |
| 830 | 0 |
_aCNPMPC. Cuaderno _v; 9 _923954 |
|
| 901 | _aBK | ||
| 942 | _cFOLL | ||
| 949 |
_aFolleto 4504 _bBC _cFOLL _d-57846 _eTS1 _i25104 _si |
||
| 949 |
_aFolleto 4504 _bBC _cFOLL _d-57848 _eTS2 _fc.2 _i25104 _si |
||
| 949 |
_aFolleto 4504 _bBC _cFOLL _d-57850 _eTS2 _fc.3 _i25104 _si |
||
| 999 |
_c20043 _d20043 |
||